00565nam a2200145Ia 4500008004100000020001800041100002200059245003200081260004000113300002400153650004000177650003300217999001900250952015000269181016s9999 xx 000 0 und d a9780446556682 aConnelly, Michael cMichael ConnellyaThe drop/ aNY:bGrand Central Publishingc2011 a414 pages :c17 cm. acold cases (criminal investigation) aserial murders investigation c359236d359236 00102lcc40aLUXbLUXcFICd2018-10-16eDONATIONl0oPS 3553 .C752 2011p20628r2018-10-16 00:00:00w2018-10-16yBKzDonated by Charlie McNamara